Pilotes de Formule 1 - 2023 - Statistiques

Statistiques générales
  • Ce quiz a été pris 509 fois
  • Le résultat moyen est 18 sur 20
Statistiques - réponses
Hint Réponse % Correct
Mercedes Lewis Hamilton
100%
Ferrari Charles Leclerc
99%
Red Bull Max Verstappen
99%
Alpine Esteban Ocon
97%
Alpine Pierre Gasly
97%
Red Bull Sergio Perez
96%
Ferrari Carlos Sainz Jr.
95%
Aston Martin Fernando Alonso
94%
McLaren Lando Norris
94%
Mercedes George Russell
93%
Aston Martin Lance Stroll
91%
Alpha Tauri Yuki Tsunoda
90%
McLaren Oscar Piastri
89%
Alfa Romeo Valtteri Bottas
87%
Williams Alexander Albon
85%
Alfa Romeo Guanyu Zhou
84%
Haas Kevin Magnussen
84%
Haas Nico Hulkenberg
83%
Williams Logan Sargeant
72%
Alpha Tauri Nyck De Vries
67%
Aucun quiz correspondant
Distribution des résultats
% des personnes avec chaque résultat
Percentile par nombre de réponses
Votre historique - résultats
Vous n’avez pas pris ce quiz